000 00944nam a22001937a 4500
999 _c61980
_d61980
003 Ge_BSU
005 20240618161737.0
008 240618s1963 ge ||||| |||| 00| 0 geo d
041 _ageo
080 _a614.253 ჩ-48
100 _aჩერნიახოვსკი, ა.ლ.
_922479
245 _aმუდამ ჩვენთან არიან /
_cა.ლ. ჩერნიახოვსკი; [მთარგმ.: გ. ქველაძე; ილ.: დ. დუნდუა, ნ. ვორობიოვი].
264 _aთბილისი :
_b საბჭ. საქართველო,
_c1963.
300 _a238 გვ. :
_bილ. ;
_c20 სმ.
653 _aმედიცინის მუშაკები
700 _aქველაძე, გ.,
_eმთარგმნელი.
_918600
700 _aდუნდუა, დ.,
_e ილუსტრატორი
_94812
942 _2udc
_cᲬᲘᲒᲜᲘ